Production of field crops A textbook of agronomy (Record no. 15080)

MARC details
000 -LEADER
fixed length control field 00426nam a22001577a 4500
003 - CONTROL NUMBER IDENTIFIER
control field OSt
005 - DATE AND TIME OF LATEST TRANSACTION
control field 20211026154723.0
008 - FIXED-LENGTH DATA ELEMENTS--GENERAL INFORMATION
fixed length control field 211026b |||||||| |||| 00| 0 eng d
040 ## - CATALOGING SOURCE
Transcribing agency Hawassa university
050 ## - LIBRARY OF CONGRESS CALL NUMBER
Classification number 633/KIP
082 ## - DEWEY DECIMAL CLASSIFICATION NUMBER
Edition number Sixth edition
Classification number 633/KIP
100 ## - MAIN ENTRY--PERSONAL NAME
Personal name Kipps m. s.
9 (RLIN) 15674
245 ## - TITLE STATEMENT
Title Production of field crops A textbook of agronomy
260 ## - PUBLICATION, DISTRIBUTION, ETC.
Place of publication, distribution, etc. New york
Name of publisher, distributor, etc. Mcgraw-hill
Date of publication, distribution, etc. 1959
942 ## - ADDED ENTRY ELEMENTS (KOHA)
Source of classification or shelving scheme Dewey Decimal Classification
Koha item type Books like text book referance book
Suppress in OPAC No
Holdings
Withdrawn status Lost status Source of classification or shelving scheme Damaged status Not for loan Home library Current library Date acquired Total Checkouts Full call number Barcode Date last seen Copy number Price effective from Koha item type
    Dewey Decimal Classification     College of Agriculture Library College of Agriculture Library 10/26/2021   633/KIP ALIB0008864 10/26/2021 C 3 10/26/2021 Books like text book referance book
    Dewey Decimal Classification     College of Agriculture Library College of Agriculture Library 10/26/2021   633/KIP ALIB0008862 10/26/2021 C 1 10/26/2021 Books like text book referance book
    Dewey Decimal Classification     College of Agriculture Library College of Agriculture Library 10/26/2021   633/KIP ALIB0008865 10/26/2021 C 4 10/26/2021 Books like text book referance book
    Dewey Decimal Classification     College of Agriculture Library College of Agriculture Library 10/26/2021   633/KIP ALIB0008867 10/26/2021 C 6 10/26/2021 Books like text book referance book
    Dewey Decimal Classification     College of Agriculture Library College of Agriculture Library 10/26/2021   633/KIP ALIB0008866 10/26/2021 C 5 10/26/2021 Books like text book referance book